00581nam a2200157Ia 4500008004100000020001800041041000800059082001600067100003600083245007000119260003400189300000900223500001000232999001700242952016400259220803s9999 xx 000 0 und d a9789383098255 aeng a720.954 PHA aPhatarphekar Pramila Ed.925742 aTreasures : Chhatrapati Shivaji Maharaj Vastu Sangrahalaya Mumbai aNew DelhibNiyogi Booksc2014 a220p aARCHI c16480d16480 001040708Book of B ArchaBNCAbBNCAd2017-04-26eSuyog Enterprisesg746.25l0o729.6 PHApBNCA-BK-10190r2022-08-03 00:00:00v995.00w2017-04-10yBKzB10190